Economic development / (Record no. 909)
[ view plain ]
| 000 -LEADER | |
|---|---|
| fixed length control field | 00891nam a2200277 a 4500 |
| 001 - CONTROL NUMBER | |
| control field | 6537 |
| 003 - CONTROL NUMBER IDENTIFIER | |
| control field | BD-DhUAP |
| 005 - DATE AND TIME OF LATEST TRANSACTION | |
| control field | 20200129103217.0 |
| 008 - FIXED-LENGTH DATA ELEMENTS--GENERAL INFORMATION | |
| fixed length control field | 200129r2003 mauab 000 0 eng d |
| 020 ## - INTERNATIONAL STANDARD BOOK NUMBER | |
| International Standard Book Number | 817808791x |
| 040 ## - CATALOGING SOURCE | |
| Original cataloging agency | BD-DhUAP |
| Transcribing agency | BD-DhUAP |
| Modifying agency | BD-DhUAP |
| Language of cataloging | Eng |
| 082 00 - DEWEY DECIMAL CLASSIFICATION NUMBER | |
| Classification number | 338.9 TOD |
| Edition number | 23 |
| 100 1# - MAIN ENTRY--PERSONAL NAME | |
| Personal name | Todaro, Michael P. |
| 245 10 - TITLE STATEMENT | |
| Title | Economic development / |
| Statement of responsibility, etc. | Michael P. Todaro and Stephen C. Smith. |
| 250 ## - EDITION STATEMENT | |
| Edition statement | 8th ed. |
| 260 ## - PUBLICATION, DISTRIBUTION, ETC. | |
| Place of publication, distribution, etc. | New Delhi : |
| Name of publisher, distributor, etc. | Pearson Educaton Asia, |
| Date of publication, distribution, etc. | c2003. |
| 300 ## - PHYSICAL DESCRIPTION | |
| Extent | xxvii, 829 pages : |
| Other physical details | illustrations ; |
| Dimensions | 24 cm. |
| 490 0# - SERIES STATEMENT | |
| Series statement | The Addison-Wesley series in economics. |
| 504 ## - BIBLIOGRAPHY, ETC. NOTE | |
| Bibliography, etc. note | Includes bibliographical references and indexes. |
| 650 #0 - SUBJECT ADDED ENTRY--TOPICAL TERM | |
| Topical term or geographic name entry element | Economic development. |
| 651 #0 - SUBJECT ADDED ENTRY--GEOGRAPHIC NAME | |
| Geographic name | Developing countries |
| General subdivision | Economic policy. |
| 700 1# - ADDED ENTRY--PERSONAL NAME | |
| Personal name | Smith, Stephen C. |
| 942 00 - ADDED ENTRY ELEMENTS (KOHA) | |
| Koha issues (borrowed), all copies | 1 |
| Source of classification or shelving scheme | |
| Koha item type | Book |
| Withdrawn status | Lost status | Source of classification or shelving scheme | Damaged status | Not for loan | Permanent Location | Current Location | Shelving location | Date acquired | Full call number | Barcode | Date last seen | Copy number | Price effective from | Koha item type |
|---|---|---|---|---|---|---|---|---|---|---|---|---|---|---|
| DBA Seminar Library | DBA Seminar Library | General Stacks | 2021-01-12 | 338.9 TOD | 3010007624 | 2021-01-12 | 7 | 2021-01-12 | Book | |||||
| DBA Seminar Library | DBA Seminar Library | Reserve Stacks | 2021-01-12 | 338.9 TOD | 3010007625 | 2021-01-12 | 8 | 2021-01-12 | Book | |||||
| DBA Seminar Library | DBA Seminar Library | Reserve Stacks | 2021-01-12 | 338.9 TOD | 3010007626 | 2021-01-12 | 9 | 2021-01-12 | Book | |||||
| DBA Seminar Library | DBA Seminar Library | Reserve Stacks | 2021-01-12 | 338.9 TOD | 3010007623 | 2021-01-12 | 10 | 2021-01-12 | Book | |||||
| DBA Seminar Library | DBA Seminar Library | Reserve Stacks | 2021-01-12 | 338.9 TOD | 3010007622 | 2021-01-12 | 11 | 2021-01-12 | Book | |||||
| UAP Central Library | UAP Central Library | General Stacks | 2020-01-29 | 338.9 TOD | 3010006537 | 2020-01-29 | 1 | 2020-01-29 | Book | |||||
| UAP Central Library | UAP Central Library | General Stacks | 2020-01-29 | 338.9 TOD | 3010006542 | 2020-01-29 | 2 | 2020-01-29 | Book | |||||
| UAP Central Library | UAP Central Library | General Stacks | 2020-01-29 | 338.9 TOD | 3010006541 | 2020-01-29 | 3 | 2020-01-29 | Book | |||||
| UAP Central Library | UAP Central Library | General Stacks | 2020-01-29 | 338.9 TOD | 3010006538 | 2020-01-29 | 4 | 2020-01-29 | Book | |||||
| UAP Central Library | UAP Central Library | General Stacks | 2021-01-04 | 338.9 TOD | 3010006539 | 2021-01-04 | 5 | 2021-01-04 | Book | |||||
| UAP Central Library | UAP Central Library | General Stacks | 2021-01-04 | 338.9 TOD | 3010006540 | 2021-01-04 | 6 | 2021-01-04 | Book | |||||
| UAP Central Library | UAP Central Library | Reserve Stacks | 2021-01-30 | 338.9 TOD | 3010007620 | 2021-01-30 | 12 | 2021-01-30 | Book | |||||
| UAP Central Library | UAP Central Library | Reserve Stacks | 2021-01-30 | 338.9 TOD | 3010007621 | 2021-01-30 | 13 | 2021-01-30 | Book | |||||
| UAP Central Library | UAP Central Library | Reserve Stacks | 2021-01-30 | 338.9 TOD | 3010007617 | 2021-01-30 | 14 | 2021-01-30 | Book | |||||
| UAP Central Library | UAP Central Library | Reserve Stacks | 2021-01-30 | 338.9 TOD | 3010007619 | 2021-01-30 | 15 | 2021-01-30 | Book | |||||
| UAP Central Library | UAP Central Library | Reserve Stacks | 2021-01-30 | 338.9 TOD | 3010007618 | 2021-01-30 | 16 | 2021-01-30 | Book |
Bengali Keyboard